Lil Yachty Quiz - Statistics

General Stats
  • This quiz has been taken 507 times
    504 since last reset
  • The average score is 6 of 10
Answer Stats
Question Answer % Correct
What is Lil Yachty's Alter Egos Darnell Boat and Lil Boat
94%
What is Lil Yachty's real name Miles
92%
On September 1, 2015, why did Lil Yachty get arrested? Credit Card Fraud
70%
When was Lil Yachty born August 23, 1997
69%
What was Lil Yachty's First Album Lil Boat
58%
What is Lil Yachty's Crew Called? The Sailing Team
53%
How old was Yachty when he dyed his hair red? 15
45%
What's Lil Yachty's favorite chain Yachty Simpson
45%
How is Lil Yachty associated with Kanye West? Yeezy Season 3
44%
Where did Lil Yachty Go to College Alabama State
42%
No matching quizzes found
Score Distribution
Percent of People with Each Score
Percentile by Number Answered
Your Score History
You have not taken this quiz since the last reset